Die heilige Schrift des neuen Testaments. Dritter Theil, welcher die Briefe an die Epheser, Philipper, Kolosser, Thessalonischer, Timotheus, Titus, Philemon, Hebräer, des Jakobus, Petrus, Johannes, Judas, und die Offenbarung Johannes enthält /

Další autoři: Bretano, Dominikus von, 1740-1797, Karl Theodor, mohučský arcibiskup, 1744-1817, Maillard, Ludwig, -1806, Neuenstein, Rupert II. von, zemř. 1793
Jazyk: Němčina
Vydáno: Wien und ; bey Franz Haas, Buchhändler, 1796
Vydání: Dritte vermehrte und verbesserte Auflage
Témata:
Fyzický popis: 6 nečíslovaných stran, 520 stran, 1 nečíslovaná příloha ; 8° (22 cm)
Knihy
Uloženo v:
LEADER 03320nam a2200625 i 4500
001 mzk03001241248
003 CZ BrMZK
005 20250325094928.0
007 ta
008 180105s1796 au fr|||||00| ||gerod
040 |a BOA001  |b cze  |e rda 
041 1 |a ger  |h lat 
044 |a au  |a xr 
072 7 |a 2-23/-27  |x Bible. Biblistika  |2 Konspekt  |9 5 
072 7 |a 094  |x Staré tisky  |2 Konspekt  |9 12 
080 |a 27-27  |2 MRF 
080 |a 7-254-273  |2 MRF 
080 |a (0.068)094  |2 MRF 
080 |a (0.072)  |2 MRF 
130 0 |a Bible.  |p Nový zákon.  |l Německy  |7 unn2008499688 
245 1 4 |a Die heilige Schrift des neuen Testaments.  |n Dritter Theil,  |p welcher die Briefe an die Epheser, Philipper, Kolosser, Thessalonischer, Timotheus, Titus, Philemon, Hebräer, des Jakobus, Petrus, Johannes, Judas, und die Offenbarung Johannes enthält /  |c Auf Befehl des Hochwürdigsten Fürsten und Herrn Herrn Rupert II. Abts des fürstlichen Hochstifts Kempten etc. etc. herausgegeben von Dominikus von Brentano, hochfürstl. kemptischen geistlichen Rath und Hofkaplan 
246 3 0 |a Briefe an die Epheser, Philipper, Kolosser, Thessalonischer, Timotheus, Titus, Philemon, Hebräer, des Jakobus, Petrus, Johannes, Judas, und die Offenbarung Johannes enthält 
246 3 8 |a Brentano heilige Schrift 
250 |a Dritte vermehrte und verbesserte Auflage 
264 1 |a Wien und ;  |a Prag :  |b bey Franz Haas, Buchhändler,  |c 1796 
264 3 |a Wien :  |b gedruckt bey B. Ph. Bauer, K. K. privil. Buchdrucker 
300 |a 6 nečíslovaných stran, 520 stran, 1 nečíslovaná příloha ;  |c 8° (22 cm) 
336 |a text  |b txt  |2 rdacontent 
337 |a bez média  |b n  |2 rdamedia 
338 |a svazek  |b nc  |2 rdacarrier 
500 |a Výzdoba: Mědirytinový frontispis (In der Nacht weckte der Engel Petrum von Schlaf, sprach zu ihm: komm und folge mir nach - L. Maillard inv. et sc.), nad impresem linky, linky 
500 |a Typografická výzdoba: Text tištěn dvousloupcově s jednosloupcově tištěnými poznámkami pod čarou. Živá záhlaví, signatury listů, kustody 
561 |a Provenience: [Antiquariat Friebes, Graz, kup 12/2017] 
563 |a Původní usňová vazba, lepenkové desky, hovězina s rámcem, na hřbetě dva zlacené štítky s názvem a signaturou, u hlavy hřbetu nalepený štítek s rukopisným číslem 22 
510 4 |a BCBT,  |c BCBT04037  |u https://knihoveda.lib.cas.cz/Record/BCBT04037 
650 7 |a biblistika  |7 ph118873  |2 czenas 
650 7 |a biblické komentáře  |7 ph684318  |2 czenas 
655 7 |a staré tisky  |7 fd422076  |2 czenas 
655 7 |a komentovaná vydání  |7 fd132577  |2 czenas 
700 1 |a Bretano, Dominikus von,  |d 1740-1797  |4 edt 
700 0 |a Karl Theodor,  |c mohučský arcibiskup,  |d 1744-1817  |7 mzk2009532840  |4 dte 
700 1 |a Maillard, Ludwig,  |d -1806  |7 mzk2016926719  |4 egr 
700 1 |a Neuenstein, Rupert II. von,  |d zemř. 1793  |4 oth 
903 |a RP 
910 |a BOA001  |b ST2-1399.669,3 
978 |b Haas, Franz  |a Praha  |c 1796 
978 |b Haas, Franz  |a Wien  |c 1796 
978 |b Bauer, Bernhard Philipp  |a Wien  |c 1796 
984 |a Praha  |b Česko 
984 |a Vídeň  |b Rakousko 
985 |a 1751-1800 
990 |a BK 
993 |a Y 
991 |k mzk 
996 6 |b 2610728530  |c ST2-1399.669,3  |l stud. ST  |r Sklad / do násl. otevíracího dne  |n 0  |p kup  |w 001646191  |u 000010  |a 1  |e BOA001  |s P